000 00252nam a2200109Ia 4500
008 220204s9999 xx 000 0 und d
082 _a82-3
_bBOG
100 _aBogner, Norman
245 0 _aSeventh avenue
260 _aNew York
_bDell
_c1977
942 _cBK
999 _c38571
_d38571